000 00351nam a2200133Ia 4500
008 191206s9999 xx 000 0 und d
020 _a177922043X
090 _aPR9390.SW75
245 0 _aWriting now: more stories from Zimbabwe
260 _aWeaver Press
260 _cc2005
300 _a"xvi, 304 p. ; 21 cm."
999 _c17332
_d17332